000 00912nam a2200241Ia 4500
003 OSt
005 20220923224326.0
006 a|||||r|||| 00| 0
007 ta
008 220922b |||||||| |||| 00| 0 mar d
024 _a231,187
037 _cTextual
040 _aARTS
_cARTS
_bmar
041 _2mar
_amar
082 _aO155,1NINx, 152N6
100 _aपुरोहित, इन्दुमती; चतुर्वेदी, हरिहर प्रसाद, संपा.
_9167910
245 0 _aविश्वरूप
246 _aVishvarūpa
260 _aवाराणसी
_b लोक साधना केन्द्र
_c1996
300 _a180पृ0
_ccm.
942 _hO155,1NINx, 152N6
_cTEXL
_2CC
999 _c370678
_d370678